00917nam a22001697a 4500003000900000008004100009040007100050082001800121100002800139245007700167260009800244300002600342505028900368650003000657650003100687650002900718AR-CdUCM190305b ||||| |||| 00| 0 spa d aMUNICIPALIDAD PROVINCIAL DEL CUSCOcBIBLIOTECA MUNICIPAL DEL CUSCO a343.6 /bG216 aGarcía-Sayán, Diego aEl caso Marcona :banálisis histórico-jurídico de los contratos /  aLima : bDESCO, Centro de Estudios y Promoción del Desarrollo, Perúgraf Editores,c1975. a196 paginas ;c20 cm. aHistoria de los yacimientos -- La oligarquía agro-minera -exportadora -- Algunos elementos sobre la naturaleza jurídica de los contratos -- Contrato de 7 de febrero de 1952 celebrado entre la corporación peruana del santa y la utah construction company -- Marco político... aContratos administrativos aMinas y recursos minerales aLa minería y el Estado